000 00530cam a2200193 4500
001 D6929
008 090401t1975 xxu||||| |||| 00| 0 eng d
035 _a(Sirsi) u3978
041 _aeng
050 _a692.3096897
110 _aMalawi Ministry of Works and Supplies
245 _aStandard method of measurement of building works for Malawi
260 _aMalawi
_bThe Ministry of Works and Supplies
_c1975
300 _avi. 190p. 33cm
350 _a0
520 _aFiled at SMM 1975/3B
942 _n0
948 _c04/03/1997
999 _c85978
_d85978